| 000 | 00000nam##2200000za#4500 |
| 001 | 9.578633 |
| 003 | CaOODSP |
| 005 | 20211126112845 |
| 007 | cr ||||||||||| |
| 008 | 150406|2001||||xxc|||||o f|0| 0 eng|d |
| 022 | |a1701-9397 |
| 040 | |aCaOODSP|beng |
| 043 | |an-cn--- |
| 086 | 1 |aFB3-2/101-15E-PDF |
| 110 | 2 |aBank of Canada. |
| 245 | 10|aAffine term-structure models : |h[electronic resource]|btheory and implementation / |cby David Jamieson Bolder. |
| 260 | |aOttawa - Ontario : |bBank of Canada |cOctober 2001. |
| 300 | |a68p.|bfigs., graphs, tables |
| 490 | 1 |aBank of Canada working paper|x1701-9397|v2001-15 |
| 500 | |a"This summary is accomplished in a self-contained manner with sufficient detail so that relatively few technical points will be left for the reader to ponder. As such, this paper represents a first step towards advancing the Bank of Canada's research agenda in this area, with a view to using these models to assist with practical debt and risk-management problems currently under study."--Abstract. |
| 504 | |aBibliography. |
| 520 | 3 |aThis summary is accomplished in a self-contained manner with sufficient detail so that relatively few technical points will be left for the reader to ponder. As such, this paper represents a first step towards advancing the Bank of Canada's research agenda in this area, with a view to using these models to assist with practical debt and risk-management problems currently under study.--Abstract |
| 546 | |aRésumés en français |
| 590 | |a14-03-Supp|b2014-01-17 |
| 690 | 07|aInterest rates|2gcpds |
| 690 | 07|aModels|2gcpds |
| 776 | 0#|tAffine term-structure models : |w(CaOODSP)9.615810 |
| 830 | #0|aWorking paper (Bank of Canada)|x1701-9397|v2001-15|w(CaOODSP)9.504604 |
| 856 | 40|ahttp://publications.gc.ca|qPDF|s505 KB|uhttps://publications.gc.ca/collections/collection_2014/banque-bank-canada/FB3-2-101-15-eng.pdf|y2001-15 |